000 00252nam a2200121Ia 4500
005 20251222140031.0
008 251222s1900||||xx |||||||||||||| ||spa||
082 _a184/P66F
100 _aPlatún
245 0 _aDiálogos
264 _bPeisa
942 _cLIB
999 _c2972
_d2972